1179 1538 1853 1416 1848 1994 1843 1047 1082 1660 1206 1808 1469 1013 1780 1136 1453 1358 1841 1404 1252 1937 1518 1566 1096 1596 1328 1766 1844 1680 1508 1583 1490 1266 1715 1019 1068 1061 1941 1187 1853 1340 1187 1979 1886 1654 1475 1354 1177 1295 1290 1859 1270 1946 1548 1247 1916 1582 1694 1134 1219 1974 1024 1658 1948 1094 1267 1597 1874 1748 1675 1822 1582 1694 1965 1856 1617 1878 1156 1844 1488 1343 1891 1292 1482 1186 1034 1748 1412 1893 1270 1560 1578 1528 1973 1839 1310 1216 1121 BCNSPRNW ULIB Ver.6.0+V

เปลี่ยนเป็นภาษาไทย

Change to English
 แสดงรายละเอียดบรรณานุกรม
  กลับหน้าหลัก

Brief Record : Get Marc (ISO 2709) : E-mail record : QR code < ปิดหน้าต่าง
LEADER : 00000nam 2200000uu 4500
001    13399123598
003     ULIB
008    141017s2556||||th 000 0 tha d
020    ^a9786162232985
060  4 ^aWY49^bค695ม
100 0  ^aศิริพร มงคลถาวรชัย,^eบรรณาธิการ
245 00 ^aคู่มือการพัฒนาระบบการพยาบาลเฉพาะทางและการปฏิบัติการพยาบาลขั้นสูง /^cศิริพร มงคลถาวรชัย ... [และคนอื่น ๆ] บรรณาธิการ
246 30 ^aการพัฒนาระบบการพยาบาลเฉพาะทางและการปฏิบัติการพยาบาลขั้นสูง
250    ^aพิมพ์ครั้งที่ 1
260    ^aขอนแก่น :^bศูนย์การพยาบาลรายกรณี ฝ่ายการพยาบาล โรงพยาบาลศรีนครินทร์ คณะแพทยศาสตร์ มหาวิทยาลัยขอนแก่น,^c2556
300    ^a[10], 250 หน้า
650  7 ^aการพยาบาล^vคู่มือ
650  7 ^aผู้ป่วย^xการพยาบาล^vคู่มือ
650  7 ^aผู้ป่วย, การจัดการดูแล^vคู่มือ
710 2  ^aมหาวิทยาลัยขอนแก่น.^bคณะแพทยศาสตร์.^bโรงพยาบาลศรีนครินทร์.^bฝ่ายการพยาบาล.^bศูนย์การพยาบาลรายกรณี
945    ^p200^l0^i21452
945    ^p200^l0^i21453
945    ^p200^l0^i21454
945    ^p200^l0^i21455
945    ^p200^l0^i21456
945    ^p200^l0^i21457
945    ^p200^l0^i21458
945    ^p200^l0^i21459
945    ^p200^l0^i21460
945    ^p200^l0^i21461
999    ^aทศพร เกษรทอง
รายการนี้ยังไม่มีแท็ก
คุณยังไม่ได้ล็อกอิน คุณสามารถมีกิจกรรมร่วมกับเว็บไซต์ได้ แต่ต้องล็อกอินก่อน ::
  ล็อกอิน

รายการสื่อสารสนเทศ

ลำดับที่ ประเภท เลขเรียก/บาร์โค้ด สถานที่ สถานะ
1. Book การพยาบาล
Book การพยาบาล
สถานะ=หนังสือเก่า
WY49 ค695ม ฉ.1 
  Barcode: 21452
ห้องสมุดวิทยาเขตนครสวรรค์
►ส่วนจัดเก็บหนังสือเก่า นว.
บนชั้น
  ขอยืม
2. Book การพยาบาล
Book การพยาบาล
สถานะ=หนังสือเก่า
WY49 ค695ม ฉ.10 
  Barcode: 21461
ห้องสมุดวิทยาเขตนครสวรรค์
►ส่วนจัดเก็บหนังสือเก่า นว.
บนชั้น
  ขอยืม
3. Book การพยาบาล
Book การพยาบาล
สถานะ=หนังสือเก่า
WY49 ค695ม ฉ.2 
  Barcode: 21453
ห้องสมุดวิทยาเขตนครสวรรค์
►ส่วนจัดเก็บหนังสือเก่า นว.
บนชั้น
  ขอยืม
4. Book การพยาบาล
Book การพยาบาล
สถานะ=หนังสือเก่า
WY49 ค695ม ฉ.3 
  Barcode: 21454
ห้องสมุดวิทยาเขตนครสวรรค์
►ส่วนจัดเก็บหนังสือเก่า นว.
บนชั้น
  ขอยืม
5. Book การพยาบาล
Book การพยาบาล
สถานะ=หนังสือเก่า
WY49 ค695ม ฉ.4 
  Barcode: 21455
ห้องสมุดวิทยาเขตนครสวรรค์
►ส่วนจัดเก็บหนังสือเก่า นว.
บนชั้น
  ขอยืม
6. Book การพยาบาล
Book การพยาบาล
สถานะ=หนังสือเก่า
WY49 ค695ม ฉ.5 
  Barcode: 21456
ห้องสมุดวิทยาเขตนครสวรรค์
►ส่วนจัดเก็บหนังสือเก่า นว.
บนชั้น
  ขอยืม
7. Book การพยาบาล
Book การพยาบาล
สถานะ=หนังสือเก่า
WY49 ค695ม ฉ.6 
  Barcode: 21457
ห้องสมุดวิทยาเขตนครสวรรค์
►ส่วนจัดเก็บหนังสือเก่า นว.
บนชั้น
  ขอยืม
8. Book การพยาบาล
Book การพยาบาล
สถานะ=หนังสือเก่า
WY49 ค695ม ฉ.7 
  Barcode: 21458
ห้องสมุดวิทยาเขตนครสวรรค์
►ส่วนจัดเก็บหนังสือเก่า นว.
บนชั้น
  ขอยืม
9. Book การพยาบาล
Book การพยาบาล
สถานะ=หนังสือเก่า
WY49 ค695ม ฉ.8 
  Barcode: 21459
ห้องสมุดวิทยาเขตนครสวรรค์
►ส่วนจัดเก็บหนังสือเก่า นว.
บนชั้น
  ขอยืม
10. Book การพยาบาล
Book การพยาบาล
สถานะ=หนังสือเก่า
WY49 ค695ม ฉ.9 
  Barcode: 21460
ห้องสมุดวิทยาเขตนครสวรรค์
►ส่วนจัดเก็บหนังสือเก่า นว.
บนชั้น
  ขอยืม

BibComment


ยังไม่เคยถูกคอมเมนท์

คอมเมนท์ทรัพยากรรายการนี้
  คอมเมนท์: คู่มือการพัฒนาระ..


 Copyright 2026. Bcnsprnw @Library